01176nam a2200265Ia 4500003000900000008004100009020001800050040001600068080002300084111013800107245028200245260003700527300001400564490002700578650004100605650001800646650002500664650002500689650001400714700002800728700003000756942000700786999001700793952010000810IN-BaIIA211028s9999 xx 000 0 eng d a0-7923-0880-8 cIIA Library a082.2:52bIAU-S142 aSymposium on Basic Plasma Processes on the Sun of the International Astronomical Unionn142ndcBangalore, Indiad1989 Dec. 1-5917032 0aBasic plasma processes on the sunbproceedings of the 142th symposium on basic plasma processes on the Sunof the International Astronomical Union Held in Bangalore, India, December 1-5, 1989cedited by E. R. Priest and V. Krishan  aDordrechtbKluwer Academicc1990 axi, 540p. aIAU Symposium; no. 142 aAstronomy and Astrophysics Thesaurus aPlasmas91898 aSolar Plasmas916896 aSpace Plasmas910937 aSun91200 aKrishan, V., ed.917033 aPriest, E. R., ed.914972 cBK c10062d10062 00104070aBANbBANcGENd0000-00-00l0o082.2:52/ IAU-S142p10972r2021-11-05w0000-00-00yBK